Mario ou Sonic - Statistiques

Statistiques générales
  • Ce quiz a été pris 2 399 fois
  • Le résultat moyen est 21 sur 30
Statistiques - réponses
Hint Réponse % Correct
Princesse Peach Mario
90%
Toad Mario
90%
Luigi Mario
89%
Bowser Mario
89%
Yoshi Mario
89%
Roi Boo Mario
87%
Docteur Robotnik Sonic
84%
Shadow Sonic
84%
Knuckles Sonic
83%
Tails Sonic
82%
Vector Sonic
81%
Amy Rose Sonic
80%
Zavok Sonic
77%
Sticks Sonic
75%
Iblis Sonic
74%
Kamek Mario
73%
Cream Sonic
73%
Zeena Sonic
73%
Omochao Sonic
72%
Vanilla Sonic
72%
Yacker Sonic
70%
Cappy Mario
66%
Carottin Mario
60%
Pachacamac Sonic
58%
Karl Tastroff Mario
44%
Métaboss Mario
35%
Mac Astagne Mario
34%
Hariet Mario
34%
Gracowitz Mario
32%
Mallow Mario
32%
Aucun quiz correspondant
Distribution des résultats
% des personnes avec chaque résultat
Percentile par nombre de réponses
Votre historique - résultats
Vous n’avez pas pris ce quiz